|
|
|
|
| LEADER |
00000nas a22000007i 4500 |
| 001 |
ssj0001466515 |
| 003 |
WaSeSS |
| 005 |
20200512172242.0 |
| 006 |
m d |
| 007 |
cr n |
| 008 |
111228c20129999inuar s 0 a0eng |
| 010 |
|
|
|a 2011273662
|
| 022 |
|
|
|a 2165-2694
|y 2325-3991
|
| 035 |
|
|
|a (WaSeSS)ssj0001466515
|
| 037 |
|
|
|b Anderson University, Sociology Dept., 1100 E. 5th St., Anderson IN 46012-3495
|
| 040 |
|
|
|a DLC
|b eng
|c DLC
|d OCLCQ
|d DLC
|d OCLCQ
|d DLC
|d DKU
|d OCLCO
|d OCLCF
|d OCLCA
|d AU@
|d WaSeSS
|
| 041 |
0 |
|
|a eng
|a por
|
| 042 |
|
|
|a pcc
|a nsdp
|
| 082 |
1 |
0 |
|a 469
|2 23
|
| 222 |
|
0 |
|a Interdisciplinary journal of Portuguese diaspora studies (Online)
|
| 245 |
0 |
0 |
|a Interdisciplinary journal of Portuguese diaspora studies
|h [electronic resource].
|
| 246 |
1 |
|
|a IJPDS
|
| 260 |
|
|
|a Anderson IN :
|b Anderson University,
|c 2012-
|
| 310 |
|
|
|a Annual
|
| 362 |
1 |
|
|a Began with: Volume 1 (2012)
|
| 506 |
|
|
|a License restrictions may limit access.
|
| 546 |
|
|
|a In English and Portuguese.
|
| 588 |
|
|
|a Description based on: Volume 1 (2012); title from PDF cover image (Anderson University website, viewed on September 30, 2013).
|
| 588 |
|
|
|a Latest issue consulted: Volume 1 (2012) (Anderson University website, viewed on September 30, 2013).
|
| 650 |
|
0 |
|a Portuguese periodicals
|z Foreign countries.
|
| 650 |
|
7 |
|a Emigration and immigration.
|2 fast
|0 (OCoLC)fst00908690
|
| 651 |
|
0 |
|a Portugal
|x Emigration and immigration
|v Periodicals.
|
| 651 |
|
7 |
|a Portugal.
|2 fast
|0 (OCoLC)fst01208476
|
| 655 |
|
0 |
|a Electronic journals.
|
| 710 |
2 |
|
|a Anderson University (Anderson, Ind.)
|
| 776 |
0 |
8 |
|i Print version:
|t Interdisciplinary journal of Portuguese diaspora studies
|x 2325-3991
|w (DLC) 2012273682
|w (OCoLC)818184904
|
| 856 |
4 |
0 |
|z Full text available from Research Library: 01/01/2013 to present
|u https://search.proquest.com/publication/2035951
|